Promoting Community Change Through Civic Welfare Training Service 2/ (Record no. 86910)

MARC details
000 -LEADER
fixed length control field 00805nam a22002537a 4500
003 - CONTROL NUMBER IDENTIFIER
control field URS
005 - DATE AND TIME OF LATEST TRANSACTION
control field 20250924110018.0
008 - FIXED-LENGTH DATA ELEMENTS--GENERAL INFORMATION
fixed length control field 250924b |||||||| |||| 00| 0 eng d
020 ## - INTERNATIONAL STANDARD BOOK NUMBER
International Standard Book Number 978-621-409-245-1
040 ## - CATALOGING SOURCE
Original cataloging agency DLC
Language of cataloging DLC
Transcribing agency DLC
Modifying agency URS
082 ## - DEWEY DECIMAL CLASSIFICATION NUMBER
Edition number 2nd edition
Classification number 361.3
Item number P9444 2024
100 ## - MAIN ENTRY--PERSONAL NAME
Personal name Briones, Mario R.
245 ## - TITLE STATEMENT
Title Promoting Community Change Through Civic Welfare Training Service 2/
Statement of responsibility, etc. Mario R. Briones
260 ## - PUBLICATION, DISTRIBUTION, ETC.
Place of publication, distribution, etc. Mandaluyong City:
Name of publisher, distributor, etc. Books Atbp. Pub Corp.,
Date of publication, distribution, etc. 2024
300 ## - PHYSICAL DESCRIPTION
Extent x, 164 pages:
Other physical details ill;
Dimensions 24cm
500 ## - GENERAL NOTE
General note Includes bibliography and index
648 ## - SUBJECT ADDED ENTRY--CHRONOLOGICAL TERM
Chronological term Civic Welfare
700 ## - ADDED ENTRY--PERSONAL NAME
Personal name Austria, Jethro N.
700 ## - ADDED ENTRY--PERSONAL NAME
Personal name Wagan III, Ricardo F.
700 ## - ADDED ENTRY--PERSONAL NAME
Personal name Pinuela, Freddie, S.
700 ## - ADDED ENTRY--PERSONAL NAME
Personal name Audije, Avelino B.
700 ## - ADDED ENTRY--PERSONAL NAME
Personal name Solmerano, Ernesto Thaddeus M.
942 ## - ADDED ENTRY ELEMENTS (KOHA)
Source of classification or shelving scheme Dewey Decimal Classification
Koha item type Filipiniana
Holdings
Withdrawn status Source of classification or shelving scheme Damaged status Not for loan Collection code Home library Current library Shelving location Date acquired Total Checkouts Full call number Barcode Date last seen Price effective from Koha item type
  Dewey Decimal Classification     Reference Pililla College Library Pililla College Library New Materials Shelf 09/24/2025   361.3 P944 2024 URSPIL-7321 09/24/2025 09/24/2025 Filipiniana

University of Rizal System
Email us at univlibservices@urs.edu.ph

Visit our Website www.urs.edu.ph/library